000 00559nam a2200181 4500
001 125958
003 ES-MaACL
005 20230906192728.0
007 t|
008 070214s1954 ag r ||||1| spa d
100 1 _aRead, Herbert.
_995668
245 1 3 _aEl significado del arte /
_cHerbert Read ; traducción de Leonor Acevedo de Borges.
260 _aBuenos Aires :
_bLosada,
_c1954.
300 _a199 p., 24 lám. ;
_c21 cm.
700 1 _aAcevedo de Borges, Leonor,
_d1876-1975
_918247
852 _aES-MaACL
_jC-16579
_bR.44655
999 _c125958
_d125958